Normal view
MARC view
- Probert , Dana
Entry Personal Name
001 - CONTROL NUMBER
- control field: 4789
003 - CONTROL NUMBER IDENTIFIER
- control field: OSt
005 - DATE AND TIME OF LATEST TRANSACTION
- control field: 20201109105229.0
008 - FIXED-LENGTH DATA ELEMENTS
- fixed length control field: 201109|| aca||aabn | a|a d
040 ## - CATALOGING SOURCE
- Original cataloging agency: OSt
- Transcribing agency: OSt
100 ## - HEADING--PERSONAL NAME
- Personal name: Probert , Dana
670 ## - SOURCE DATA FOUND
- Source citation: Work cat.: (OSt)13247: Probert , Dana ., Mastering autocad civil 3D 2008 / , 2007.
